<?xml version="1.0" encoding="UTF-8"?><marc:collection xmlns:marc="http://www.loc.gov/MARC21/slim">
  <marc:record>
    <marc:leader>03409nas a2200577 c 4500</marc:leader>
    <marc:controlfield tag="001">010003959</marc:controlfield>
    <marc:controlfield tag="003">DE-101</marc:controlfield>
    <marc:controlfield tag="005">20250507210334.0</marc:controlfield>
    <marc:controlfield tag="007">tu</marc:controlfield>
    <marc:controlfield tag="008">991118d19251966gw z||p|  ||| 0||||1ger c</marc:controlfield>
    <marc:datafield tag="016" ind1="7" ind2=" ">
      <marc:subfield code="2">DE-600</marc:subfield>
      <marc:subfield code="a">479-0</marc:subfield>
    </marc:datafield>
    <marc:datafield tag="016" ind1="7" ind2=" ">
      <marc:subfield code="2">DE-101</marc:subfield>
      <marc:subfield code="a">010003959</marc:subfield>
    </marc:datafield>
    <marc:datafield tag="022" ind1=" " ind2=" ">
      <marc:subfield code="a">0365-2009</marc:subfield>
    </marc:datafield>
    <marc:datafield tag="022" ind1=" " ind2=" ">
      <marc:subfield code="a">0365-2009</marc:subfield>
      <marc:subfield code="2">6</marc:subfield>
    </marc:datafield>
    <marc:datafield tag="030" ind1=" " ind2=" ">
      <marc:subfield code="a">AEPPA</marc:subfield>
    </marc:datafield>
    <marc:datafield tag="035" ind1=" " ind2=" ">
      <marc:subfield code="a">(DE-599)ZDB479-0</marc:subfield>
    </marc:datafield>
    <marc:datafield tag="035" ind1=" " ind2=" ">
      <marc:subfield code="a">(OCoLC)1367296758</marc:subfield>
    </marc:datafield>
    <marc:datafield tag="040" ind1=" " ind2=" ">
      <marc:subfield code="a">9001</marc:subfield>
      <marc:subfield code="b">ger</marc:subfield>
      <marc:subfield code="c">DE-101</marc:subfield>
      <marc:subfield code="d">9999</marc:subfield>
    </marc:datafield>
    <marc:datafield tag="041" ind1=" " ind2=" ">
      <marc:subfield code="a">ger</marc:subfield>
    </marc:datafield>
    <marc:datafield tag="042" ind1=" " ind2=" ">
      <marc:subfield code="a">zdb</marc:subfield>
    </marc:datafield>
    <marc:datafield tag="044" ind1=" " ind2=" ">
      <marc:subfield code="c">XA-DE</marc:subfield>
    </marc:datafield>
    <marc:datafield tag="082" ind1="7" ind2="4">
      <marc:subfield code="a">610</marc:subfield>
      <marc:subfield code="q">DE-600</marc:subfield>
      <marc:subfield code="2">22sdnb</marc:subfield>
    </marc:datafield>
    <marc:datafield tag="084" ind1=" " ind2=" ">
      <marc:subfield code="a">PHARM</marc:subfield>
      <marc:subfield code="q">DE-84</marc:subfield>
      <marc:subfield code="2">fid</marc:subfield>
    </marc:datafield>
    <marc:datafield tag="084" ind1=" " ind2=" ">
      <marc:subfield code="a">15,3</marc:subfield>
      <marc:subfield code="2">ssgn</marc:subfield>
    </marc:datafield>
    <marc:datafield tag="210" ind1="0" ind2="0">
      <marc:subfield code="a">Arch. Exp. Pathol. Pharm.</marc:subfield>
    </marc:datafield>
    <marc:datafield tag="210" ind1="0" ind2="0">
      <marc:subfield code="a">Naunyn-Schmiedebergs Arch. Exp. Pathol. Pharmakol.</marc:subfield>
    </marc:datafield>
    <marc:datafield tag="222" ind1=" " ind2="0">
      <marc:subfield code="a">Naunyn-Schmiedebergs Archiv für Experimentelle Pathologie und Pharmakologie</marc:subfield>
    </marc:datafield>
    <marc:datafield tag="245" ind1="0" ind2="0">
      <marc:subfield code="a">Naunyn-Schmiedebergs Archiv für experimentelle Pathologie und Pharmakologie</marc:subfield>
      <marc:subfield code="c">Deutsche Pharmakologische Gesellschaft. Red. von L. Krehl [u.a.]</marc:subfield>
    </marc:datafield>
    <marc:datafield tag="264" ind1="3" ind2="1">
      <marc:subfield code="a">Berlin</marc:subfield>
      <marc:subfield code="b">Springer</marc:subfield>
      <marc:subfield code="c">1925-1966</marc:subfield>
    </marc:datafield>
    <marc:datafield tag="336" ind1=" " ind2=" ">
      <marc:subfield code="a">Text</marc:subfield>
      <marc:subfield code="b">txt</marc:subfield>
      <marc:subfield code="2">rdacontent</marc:subfield>
    </marc:datafield>
    <marc:datafield tag="337" ind1=" " ind2=" ">
      <marc:subfield code="a">ohne Hilfsmittel zu benutzen</marc:subfield>
      <marc:subfield code="b">n</marc:subfield>
      <marc:subfield code="2">rdamedia</marc:subfield>
    </marc:datafield>
    <marc:datafield tag="338" ind1=" " ind2=" ">
      <marc:subfield code="a">Band</marc:subfield>
      <marc:subfield code="b">nc</marc:subfield>
      <marc:subfield code="2">rdacarrier</marc:subfield>
    </marc:datafield>
    <marc:datafield tag="362" ind1="0" ind2=" ">
      <marc:subfield code="a">110.1925 - 253.1966</marc:subfield>
    </marc:datafield>
    <marc:datafield tag="363" ind1="0" ind2="0">
      <marc:subfield code="8">1.1\x</marc:subfield>
      <marc:subfield code="a">110</marc:subfield>
      <marc:subfield code="i">1925</marc:subfield>
    </marc:datafield>
    <marc:datafield tag="363" ind1="1" ind2="0">
      <marc:subfield code="8">1.2\x</marc:subfield>
      <marc:subfield code="a">253</marc:subfield>
      <marc:subfield code="i">1966</marc:subfield>
    </marc:datafield>
    <marc:datafield tag="591" ind1=" " ind2=" ">
      <marc:subfield code="a">F/GC</marc:subfield>
    </marc:datafield>
    <marc:datafield tag="650" ind1=" " ind2="7">
      <marc:subfield code="0">(DE-588)4045687-0</marc:subfield>
      <marc:subfield code="0">https://d-nb.info/gnd/4045687-0</marc:subfield>
      <marc:subfield code="0">(DE-101)040456870</marc:subfield>
      <marc:subfield code="a">Pharmakologie</marc:subfield>
      <marc:subfield code="9">rswk-swf</marc:subfield>
      <marc:subfield code="2">gnd</marc:subfield>
    </marc:datafield>
    <marc:datafield tag="650" ind1=" " ind2="7">
      <marc:subfield code="0">(DE-588)4153366-5</marc:subfield>
      <marc:subfield code="0">https://d-nb.info/gnd/4153366-5</marc:subfield>
      <marc:subfield code="0">(DE-101)041533666</marc:subfield>
      <marc:subfield code="a">Experimentelle Pathologie</marc:subfield>
      <marc:subfield code="9">rswk-swf</marc:subfield>
      <marc:subfield code="2">gnd</marc:subfield>
    </marc:datafield>
    <marc:datafield tag="655" ind1=" " ind2="7">
      <marc:subfield code="0">(DE-588)4067488-5</marc:subfield>
      <marc:subfield code="0">https://d-nb.info/gnd/4067488-5</marc:subfield>
      <marc:subfield code="0">(DE-101)040674886</marc:subfield>
      <marc:subfield code="a">Zeitschrift</marc:subfield>
      <marc:subfield code="2">gnd-content</marc:subfield>
    </marc:datafield>
    <marc:datafield tag="655" ind1=" " ind2="7">
      <marc:subfield code="a">Zeitschrift</marc:subfield>
      <marc:subfield code="9">rswk-swf</marc:subfield>
      <marc:subfield code="2">gnd</marc:subfield>
    </marc:datafield>
    <marc:datafield tag="689" ind1="0" ind2="0">
      <marc:subfield code="0">(DE-588)4045687-0</marc:subfield>
      <marc:subfield code="0">https://d-nb.info/gnd/4045687-0</marc:subfield>
      <marc:subfield code="0">(DE-101)040456870</marc:subfield>
      <marc:subfield code="D">s</marc:subfield>
      <marc:subfield code="a">Pharmakologie</marc:subfield>
    </marc:datafield>
    <marc:datafield tag="689" ind1="0" ind2="1">
      <marc:subfield code="0">(DE-588)4153366-5</marc:subfield>
      <marc:subfield code="0">https://d-nb.info/gnd/4153366-5</marc:subfield>
      <marc:subfield code="0">(DE-101)041533666</marc:subfield>
      <marc:subfield code="D">s</marc:subfield>
      <marc:subfield code="a">Experimentelle Pathologie</marc:subfield>
    </marc:datafield>
    <marc:datafield tag="689" ind1="0" ind2="2">
      <marc:subfield code="A">f</marc:subfield>
      <marc:subfield code="a">Zeitschrift</marc:subfield>
    </marc:datafield>
    <marc:datafield tag="689" ind1="0" ind2=" ">
      <marc:subfield code="5">DE-600</marc:subfield>
      <marc:subfield code="5">DE-600</marc:subfield>
    </marc:datafield>
    <marc:datafield tag="710" ind1="2" ind2=" ">
      <marc:subfield code="0">(DE-588)2007915-1</marc:subfield>
      <marc:subfield code="0">https://d-nb.info/gnd/2007915-1</marc:subfield>
      <marc:subfield code="0">(DE-101)004677587</marc:subfield>
      <marc:subfield code="a">Deutsche Pharmakologische Gesellschaft</marc:subfield>
      <marc:subfield code="e">Herausgebendes Organ</marc:subfield>
      <marc:subfield code="4">isb</marc:subfield>
      <marc:subfield code="2">gnd</marc:subfield>
    </marc:datafield>
    <marc:datafield tag="776" ind1="0" ind2="8">
      <marc:subfield code="i">Erscheint auch als</marc:subfield>
      <marc:subfield code="n">Online-Ausgabe</marc:subfield>
      <marc:subfield code="t">Naunyn-Schmiedeberg's archives of pharmacology</marc:subfield>
      <marc:subfield code="d">Berlin ; Heidelberg : Springer, 1873-</marc:subfield>
      <marc:subfield code="h">Online-Ressource</marc:subfield>
      <marc:subfield code="x">1432-1912</marc:subfield>
      <marc:subfield code="w">(DE-600)1462940-9</marc:subfield>
      <marc:subfield code="w">(DE-101)019562594</marc:subfield>
    </marc:datafield>
    <marc:datafield tag="780" ind1="0" ind2="0">
      <marc:subfield code="i">Vorg.:</marc:subfield>
      <marc:subfield code="t">Archiv für experimentelle Pathologie und Pharmakologie</marc:subfield>
      <marc:subfield code="d">Leipzig : Vogel, 1873-1925</marc:subfield>
      <marc:subfield code="x">2944-4381</marc:subfield>
      <marc:subfield code="w">(DE-600)6379-4</marc:subfield>
      <marc:subfield code="w">(DE-101)010085939</marc:subfield>
    </marc:datafield>
    <marc:datafield tag="785" ind1="0" ind2="0">
      <marc:subfield code="i">Forts.:</marc:subfield>
      <marc:subfield code="t">Naunyn-Schmiedebergs Archiv für Pharmakologie und experimentelle Pathologie</marc:subfield>
      <marc:subfield code="d">Berlin ; Heidelberg [u.a.] : Springer, 1966-1969</marc:subfield>
      <marc:subfield code="x">0365-5423</marc:subfield>
      <marc:subfield code="w">(DE-600)480-7</marc:subfield>
      <marc:subfield code="w">(DE-101)010003967</marc:subfield>
    </marc:datafield>
    <marc:datafield tag="787" ind1="0" ind2="8">
      <marc:subfield code="i">In 113=5; in 119=6; in 128=7; in 138,1/4=8; in 147=9; in 157=10; in 167=11; 181,1=12; 184,1=13; 190,1/2=14; 208,1=15; 208,2/3=16; 212,1/2=17; 216,1/2=18; 218,1/2=19; 222,1/2=20; 225,1/2=21; 228,1/2=22; 232,1=23; 236,1=24; 238,1=25; 241,1=26; 245,1=27; 250,1=28; 253,1=29 von</marc:subfield>
      <marc:subfield code="a">Deutsche Pharmakologische Gesellschaft</marc:subfield>
      <marc:subfield code="t">Verhandlungen der Deutschen Pharmakologischen Gesellschaft</marc:subfield>
      <marc:subfield code="d">Berlin ; Göttingen ; Heidelberg : Springer, 1920-</marc:subfield>
      <marc:subfield code="w">(DE-600)511769-0</marc:subfield>
      <marc:subfield code="w">(DE-101)012690805</marc:subfield>
    </marc:datafield>
    <marc:datafield tag="787" ind1="0" ind2="8">
      <marc:subfield code="i">340,1=1, 241,5=2, 243,4=3; 246,1=4; 247,4=5; 251,2=6 von</marc:subfield>
      <marc:subfield code="a">Deutsche Pharmakologische Gesellschaft</marc:subfield>
      <marc:subfield code="t">Frühjahrstagung der Deutschen Pharmakologischen Gesellschaft</marc:subfield>
      <marc:subfield code="d">Berlin ; Göttingen ; Heidelberg : Springer, 1960-1975</marc:subfield>
      <marc:subfield code="w">(DE-600)511771-9</marc:subfield>
      <marc:subfield code="w">(DE-101)012690813</marc:subfield>
    </marc:datafield>
    <marc:datafield tag="850" ind1=" " ind2=" ">
      <marc:subfield code="a">DE-101a</marc:subfield>
      <marc:subfield code="a">DE-101b</marc:subfield>
    </marc:datafield>
  </marc:record>
</marc:collection>
